000 01218nam0a22003251 4500
001 rc\2598912
005 20260405132058.0
035 _a(NLR Aleph) 006763021
090 _a5864495
_c5864495
100 _a20110914d1930 |||y0rusy50 ca
101 0 _arus
102 _aRU
105 _ay z |||||
200 1 _aУриэль Акоста
_fКарл Гуцков
_gПер. с нем. П. Вейнберга
_gС предисл. проф. П. С. Когана
210 _aМосква
_cБезбожник
_d1930
_gтип. изд. НКВД
215 _a104 с.
_d22х15 см.
225 1 _aХудожественная антирелигиозная библиотека
_fПод ред. проф. П. С. Когана
300 _aЗагл. обл.: Уриель Акоста
300 _aОбложка: П. К[езеньян]
512 0 _aУриель Акоста
700 1 _8rus
_7ca
_aГуцков
_bК.
_f1811-1878
_gКарл
_3RU\NLR\auth\7752969
_935902
702 1 _aКоган
_bП.С.
_4080
702 1 _aВейнберг
_bП.
_4730
801 0 _aRU
_bNLR
_gpsbo
801 1 _aRU
_bELAR
_2rusmarc
852 _aNLR
_j79/481
852 _aNLR
_jЛ60 В-5/65
942 _cBOOK
980 _aNB